Mi escuela : génesis de la democracia para el aula /

Bibliographic Details
Main Author: Rojas Rodríguez, Ricardo (Author)
Format: Electronic eBook
Language:Spanish
Published: Bogotá, Colombia : Editorial Aula de Humanidades, 2023.
Edition:Primera edición.
Series:Colección Narrativa (Editorial Aula de Humanidades). Serie Crónica.
Subjects:
Online Access:Digitalia Hispánica

MARC

LEADER 00000nam a2200000 i 4500
001 DIGAUHUM0023
003 NyNyDIG
007 cr |||||||||||
008 241211s2023 ck a o 000 0aspa d
006 m o d
035 |a (OCoLC)1478203958 
040 |a DGITA  |b eng  |e rda  |e pn  |c DGITA 
020 |a 9786287700048  |q (versión digital) 
020 |z 9786287700031  |q (versión impresa) 
043 |a s-ck--- 
050 1 4 |a LA566 ebook 
100 1 |a Rojas Rodríguez, Ricardo,  |e author. 
245 1 0 |a Mi escuela :  |b génesis de la democracia para el aula /  |c Ricardo Rojas Rodríguez. 
250 |a Primera edición. 
264 1 |a Bogotá, Colombia :  |b Editorial Aula de Humanidades,  |c 2023. 
300 |a 1 online resource :  |b illustrations. 
336 |a text  |b txt  |2 rdacontent 
337 |a computer  |b c  |2 rdamedia 
338 |a online resource  |b cr  |2 rdacarrier 
347 |a text file  |2 rdaft 
347 |b PDF 
490 1 |a Colección: Narrativa. Serie: Crónica 
588 0 |a Online resource; title from PDF title page (Digitalia, viewed December 11, 2024) 
650 0 |a Education  |z Colombia  |x History  |y 21st century. 
650 0 |a Teachers  |z Colombia. 
600 1 0 |a Rojas Rodríguez, Ricardo. 
791 2 |a Digitalia (Firm),  |e distributor. 
793 0 |g Digitalia eBook Collection:  |a Editorial Aula de Humanidades 
776 0 8 |i Print version:  |a Rojas Rodríguez, Ricardo.  |t Mi escuela.  |b Primera edición.  |d Bogotá, Colombia : Editorial Aula de Humanidades, [2023]  |z 9786287700031 
830 0 |a Colección Narrativa (Editorial Aula de Humanidades).  |p Serie Crónica. 
856 4 0 |3 Digitalia Hispánica  |u https://www.digitaliapublishing.com/a/159399/ 
910 |a Premium collection: 2024